|
|
|
|
| LEADER |
00000nab a2200000 a 4500 |
| 001 |
vtls000526487 |
| 003 |
SK-MaSNL |
| 005 |
20260303010509.0 |
| 008 |
160216c1994 xo 0 slo |
| 015 |
|
|
|a SNBRB19rr/mm-uuuuu
|
| 035 |
|
|
|a CL0526625
|
| 040 |
|
|
|a SNKBUCL
|b slo
|c SNKBUCL
|e AACR2
|
| 041 |
0 |
|
|a slo
|
| 044 |
|
|
|a xo
|c SK
|
| 080 |
|
|
|a 792.071.2
|2 1981
|
| 080 |
|
|
|a 791.44.071.2
|2 1981
|
| 080 |
|
|
|a 7.097.071.2
|2 1981
|
| 080 |
|
|
|a 929 Kočiš, Peter
|2 1981
|
| 100 |
1 |
|
|a Kočiš, Peter,
|d 1965-
|4 ive
|9 131963
|
| 245 |
1 |
0 |
|a Jednoducho Kočík
|b herec, rozhlasový spíker, televízny moderátor i dobrý tenista
|c Peter Kočiš, Eva Frická
|
| 300 |
|
|
|b Fotogr. 2
|
| 600 |
1 |
7 |
|a Kočiš, Peter,
|d 1965-
|2 snkbucl
|9 131963
|
| 655 |
|
7 |
|a rozhovory
|2 snkbucl
|9 31831
|
| 655 |
|
7 |
|a články z novín a časopisov
|2 snkbucl
|9 267496
|
| 700 |
1 |
|
|a Frická, Eva,
|d 1967-1994
|4 ivr
|9 212846
|
| 773 |
0 |
|
|t Život
|g Roč. 44, č. 33 (1994), s. 25
|x 0139-6323
|
| 850 |
|
|
|a Slovenská národná knižnica v Martine
|a MTA001
|
| 852 |
|
|
|a SNK
|b KIS3GCP
|
| 958 |
|
|
|a BX
|
| 958 |
|
|
|a RK
|
| 992 |
|
|
|a RBX
|
| 999 |
|
|
|c 1587362
|d 1589292
|